| 000 | 00903nam0a2200277 4500 | ||
|---|---|---|---|
| 001 | RU\NLR\bibl\136011 | ||
| 005 | 20260406160318.0 | ||
| 035 | _a(NLR Aleph) 000133236 | ||
| 090 |
_a761390 _c761390 |
||
| 100 | _a20010219d1997 |||y0rusy50 ca | ||
| 101 | 0 | _arus | |
| 102 | _aRU | ||
| 105 | _aa ||||||||| | ||
| 200 | 1 |
_aТовары для офиса _e[Компания Топ Пен Лтд] |
|
| 210 |
_aБ.м. _cБ.и. _d[1997] |
||
| 215 |
_a71 с. _cил., цв. ил. _d29 |
||
| 606 | 0 |
_aПромышленная продукция _jКаталоги _xЦены _92102902 _3RU\NLR\auth\661271613 |
|
| 686 | _aУ30(2)-861я87 | ||
| 711 | 0 | 2 |
_a"ТОП ПЕН", компания _3RU\NLR\AUTH\889931645 _9358712 |
| 801 | 0 |
_aRU _bNLR _c20010219 _gPSBO |
|
| 801 | 1 |
_aRU _bNLR _c20010219 |
|
| 852 |
_aNLR _jПт 98.2/212 |
||
| 942 | _cBOOK | ||
| 980 | _aNB | ||